000 00473nam a2200181Ia 4500
001 8209
005 20260306160552.0
008 260306t2015||||xx |||||||||||||| ||spa||
041 _aESP
082 _a370.15
_bL35
100 _aL´Ecuyer, Catherine
_eAUT
245 0 _aEducar en el asombro:
_b¿cómo educar en un mundo frenético e hiperexigente?
260 _c2015
300 _a184 páginas :
_c22 cm.
650 _aGEN
654 _aCED
942 _cLIB
_dJUS
_fJUS
_2ddc
_n
999 _c8209
_d8209